| 000 | 00540nam a2200217Ia 4500 | ||
|---|---|---|---|
| 008 | 230125s9999 xx 000 0 und d | ||
| 020 | _a0-07-113772-6 | ||
| 041 | _aeng | ||
| 082 |
_a658 _bWEI KOO |
||
| 100 |
_aWeihrich H _9109450 |
||
| 245 | _aManagement Global Perspectives | ||
| 250 | _a10th ed | ||
| 260 |
_c1993 _bMcGraw-Hill _aNew Delhi |
||
| 300 | _a743p | ||
| 500 | _aGeneral Management | ||
| 500 | _aPPM | ||
| 650 | _aManagement | ||
| 700 |
_aWeihrich H & Koontz H _9109451 |
||
| 906 | _b68 | ||
| 999 |
_c87998 _d87998 |
||